00536nam a2200193 a 4500001001300000003000900013005001700022008004100039020001000080082001300090100001800103245006200121260005900183300000900242500003500251505001500286650002300301700001800324nice12345678IN_TiNIC20260116015247.0050524s1928 lona grp 000 0 eng  ac10000a220bGOR aGore, Charles aNew Commentary on Holy Scriptures Including the Apocrypha aLondonbSociety for Promoting Christian Knowledgc1928 a743p aincludes index and biblioraphy2 aConclusion aBible-Commentaries1 aGore, Charles